Регионална библиотека "Любен Каравелов" - Русе

Усъвършенствуване на социалното управление на основата на новия икономически подход (Запис номер 375544)

MARC детайли
000 -Лидер
Контролно поле с фиксирана дължина 01116nam a2200265 a 4500
003 - Код на организацията, давaща контролен номер
Контролно поле BLK
005 - Дата и час на последна редакция
Контролно поле 20250127102513.0
008 - Елементи от данни с фиксирана дължина
fixed length control field 200717b bu ||||| |||| 00| 0 bu d
040 ## - Източник на каталожния запис
Идентификатор на билиотеката - собственик на записа BLK
041 ## - Код за език
Код за езика на текст/звукозапис или на отделно заглавие Български
Код за езика КДБФ Български
080 ## - УДК
УДК код - определител по УДК 338
Текстов определител УДК Икономическо положение. Икономическа политика. Управление. Планиране. Производство. Услуги. Цени
УДК - код + определител 338
100 ## - Редна дума - Автор
R(LIN) 334730
Автор Панов, Огнян
Авторска отговорност първи автор
139 ## - Редно поле
Редна дума Панов, Огнян
245 ## - Сведения за заглавието
Заглавие Усъвършенствуване на социалното управление на основата на новия икономически подход
Редно поле (дума) Огнян Панов
Подзаглавни данни Науч.-попул. очерк
260 ## - Област на издателските данни
9 (RLIN) 210729
Място на издаване, разпространение и проч. София
Име на издателя, разпространителя и проч. Профиздат
Година на издаване 1983
300 ## - Физическа характеристика
Страници 48 с.
Размери/Мащаб 20 см
380 ## - Жанр
Жанр Обществени науки
500 ## - Общи забележки
Забележка 5 150 тир.
650 #0 - Допълнително описание по предмет – тема
Основно описание – тема или топоним България - политика
9 (RLIN) 243743
852 ## - Местоположение
Форматна сигнатура Цб 121926
999 ## - СИСТЕМНИ КОНТРОЛНИ НОМЕРА
Koha biblionumber 375544
Koha biblioitemnumber 375544
942 ## - АРТИКУЛИ
Вид на библиотечния материал Книги
Скрит в OPAC Не
Периодичен библиозапис Да
944 ## - СЪЗДАВАНЕ И РЕДАКЦИЯ на ЗАПИСА
Създаване/Редакция Създаване
Дата на регистрацията/редакция 2020-07-17
Служител, извършил регистрацията/редакцията 30560
Статус, дата на статуса Геновева Генчева
999 ## - СИСТЕМНИ КОНТРОЛНИ НОМЕРА
Koha biblioitemnumber 375540
999 ## - СИСТЕМНИ КОНТРОЛНИ НОМЕРА
Koha biblioitemnumber 375540
Наличности
Код за отписване Код за изгубен артикул Източник на класификационната схема Код за повреда Коз за рестрикции Код за отдаване Артикулен № Име на библиотеката - собственик Име на библиотеката, в която се намира в момента Статус (Текущо местоположение) Дата на вписване в системата Местоположение - отдел Цена в лева Инвентарен номер Систематично азбучна сигнатура Баркод Цена в евро Служебен тип на артикула
  Не е изгубен Universal Decimal Classification Не е повреден без рестрикции ползва се в читалня 784617 Регионална библиотека "Любен Каравелов" Русе Регионална библиотека "Любен Каравелов" Русе Хранилище 2020-07-20 Хранилище 0.20 379485 Цб 121926 120000379485 0.10 Книги
Vip Innovations Ltd, Rousse, Bulgaria 2025